000 00738nam a22002297a 4500
005 20170124110220.0
010 _aA-423325
020 _a8170001153
_c200.00
035 _aA-423325
037 _bCen Lib/ Ret
040 _aDPL
_bEN
082 _a025.11
_bNAI
100 _aNaidu, N. Guruswamy
_939670
245 _aThe public library finance /
_cby N. Guruswamy Naidu
260 _aNew Delhi
_bEss Ess Publications
_c1990
270 _bNew Delhi
_a4837/24, ansari road, dariya ganj
_e110002
300 _a230p.
_c21cm(Hb)
500 _aIncludes appendix, bibliographical references and index
650 _aPublic libraries
_x
_939671
650 _aLibrary finance
_939672
942 _2ddc
_cEN
_h025.11
_mNAI
999 _c134060
_d134060